Homenaje Negret escultor (Registro nro. 35485)
[ vista simple ]
| 000 -CABECERA | |
|---|---|
| Longitud fija campo de control | 01273cam a2200325 a 4500 |
| 003 - • IDENTIFICADOR DELl NÚMERO DE CONTROL | |
| Identificador del número de control | CO-ViMGA |
| 005 - • FECHA Y HORA DE LA ÚLTIMA TRANSACCIÓN | |
| Fecha y hora de la última transacción | 20230915233131.0 |
| 008 - • CÓDIGOS DE INFORMACIÓN DE LONGITUD FIJA | |
| Códigos de información de longitud fija | 050510s2004 ck o r 00010 spa d |
| 020 ## - • NÚMERO INTERNACIONAL NORMALIZADO PARA LIBROS | |
| Número Internacional Normalizado para Libros (ISBN) | 9588156580 |
| 040 ## - FUENTE DE LA CATALOGACIÓN | |
| Centro catalogador de origen | CO-ViMGA |
| Lengua de catalogación | spa |
| Centro transcriptor | CO-ViMGA |
| 043 ## - CÓDIGO DE ÁREA GEOGRÁFICA | |
| Código de área geográfica | s-ck--- |
| 082 04 - • NÚMERO DE LA CLASIFICACIÓN DECIMAL DEWEY | |
| Número de clasificación (R) | R 730.9861 |
| Número del ítem | M65h |
| 100 10 - • PUNTO DE ACCESO PRINCIPAL-NOMBRE DE PERSONA | |
| Nombre de persona | Monsalve, Oscar |
| Fechas asociadas al nombre | 1949- |
| 245 10 - • TITULO PROPIAMENTE DICHO | |
| Título | Homenaje Negret escultor |
| Mención de responsabilidad, etc. | fotografa̕ general Oscar Monsalve ; Olga Luca̕ Jordǹ ... [y otros.] ; textos Carlos Jimňez ; edicin̤ Benjamn̕ Villegas |
| 250 ## - • MENCIÓN DE EDICIÓN | |
| Mención de edición | 1a. edicin̤ |
| 300 ## - • DESCRIPCIÓN FÍSICA | |
| Extensión | 343 pg̀inas |
| Otras características físicas | fotografa̕s |
| Dimensiones | 31 cm. |
| 500 ## - • NOTA GENERAL | |
| Nota general | Donacin̤ Villegas Editores |
| 500 ## - • NOTA GENERAL | |
| Nota general | Incluye datos biogrf̀icos del autor |
| 600 14 - • PUNTO DE ACCESO ADICIONAL DE MATERIA - NOMBRE DE PERSONA | |
| Nombre de persona | Negret, Edgar |
| Fechas asociadas al nombre | 1920- |
| Subdivisión de materia general (R ) | Trabajos escultr̤icos |
| 600 14 - • PUNTO DE ACCESO ADICIONAL DE MATERIA - NOMBRE DE PERSONA | |
| Nombre de persona | Negret, Edgar, |
| Fechas asociadas al nombre | 1920- |
| Subdivisión de forma (R ) | Bibliografa̕s |
| 600 14 - • PUNTO DE ACCESO ADICIONAL DE MATERIA - NOMBRE DE PERSONA | |
| Nombre de persona | Negret, Edgar, |
| Fechas asociadas al nombre | 1920- |
| Subdivisión de materia general (R ) | Crt̕ica e interpretacin̤ |
| 600 14 - • PUNTO DE ACCESO ADICIONAL DE MATERIA - NOMBRE DE PERSONA | |
| Nombre de persona | Negret, Edgar |
| Fechas asociadas al nombre | 1920- |
| Subdivisión de materia general (R ) | Homenajes |
| 650 14 - • PUNTO DE ACCESO ADICIONAL DE MATERIA - TÉRMINO DE MATERIA | |
| Fuente del encabezamiento o término | LEMB |
| Término de materia o nombre geográfico como elemento inicial | Escultores colombianos |
| 650 14 - • PUNTO DE ACCESO ADICIONAL DE MATERIA - TÉRMINO DE MATERIA | |
| Fuente del encabezamiento o término | LEMB |
| Término de materia o nombre geográfico como elemento inicial | Escultura colombiana |
| 700 10 - • PUNTO DE ACCESO ADICIONAL - NOMBRE DE PERSONA | |
| Nombre de persona | Jimňez Moreno, Carlos |
| Fechas asociadas al nombre | 1952- |
| 700 10 - • PUNTO DE ACCESO ADICIONAL - NOMBRE DE PERSONA | |
| Nombre de persona | Jordǹ, Olga Luca̕ |
| Término indicativo de función | fotg̤rafo |
| 700 10 - • PUNTO DE ACCESO ADICIONAL - NOMBRE DE PERSONA | |
| Nombre de persona | Villegas, Benjamn̕ |
| Fechas asociadas al nombre | 1948- |
| Término indicativo de función | editor |
| 942 ## - ENTRADA DE ELEMENTOS AGREGADOS (KOHA) | |
| Fuente de clasificaión o esquema | Dewey Decimal Classification |
| Koha [por defecto] tipo de item | Libro Referencia |
| Perdido | Fuente de clasificación o esquema | Estado Físico | No para préstamo | Forma de adquisición | Localización permanente | Localización actual | Fecha adquisición | Préstamos totales | Signatura completa | Código de barras | Fecha última consulta | Número de copia | Fecha del precio de reemplazo | Tipo de item de Koha |
|---|---|---|---|---|---|---|---|---|---|---|---|---|---|---|
| Dewey Decimal Classification | Sala Especializada Tercer Piso | Biblioteca Pública Germán Arciniegas - Villavicencio | Biblioteca Pública Germán Arciniegas - Villavicencio | 05/06/2016 | R 730.9861 M65h | 30026 | 10/03/2022 | Ej. 1 | 05/06/2016 | Libro Referencia |